Statistics for Guess Countries in the Shape of a Mystery Country #5

Click here to take the quiz!

General Stats

  • This quiz has been taken 53 times
  • The average score is 51 of 64

Answers on the Map

Answers color-coded by a green-red scale on the quiz's map according to % correct below.
 

Answer Stats

Country% Correct
Algeria
95%
Tunisia
95%
Chad
92%
Egypt
92%
Libya
92%
Russia
92%
Italy
89%
Morocco
89%
Niger
89%
Spain
89%
Turkey
89%
Albania
87%
Austria
87%
Bulgaria
87%
Czech Republic
87%
France
87%
Germany
87%
Hungary
87%
Nigeria
87%
Poland
87%
Romania
87%
Switzerland
87%
Croatia
84%
Denmark
84%
Estonia
84%
Greece
84%
Latvia
84%
Lithuania
84%
Montenegro
84%
North Macedonia
84%
Norway
84%
Slovenia
84%
Sudan
84%
Belarus
82%
Bosnia and
Herzegovina
82%
Central African Republic
82%
Finland
82%
Kosovo
82%
Serbia
82%
Slovakia
82%
South Sudan
82%
Sweden
82%
Malta
79%
San Marino
79%
Cameroon
76%
Democratic Republic
of the Congo
76%
Israel
76%
Luxembourg
76%
Netherlands
76%
Syria
76%
Vatican City
76%
Andorra
74%
Liechtenstein
74%
Cyprus
71%
Jordan
71%
Lebanon
68%
Monaco
68%
Angola
63%
Mali
63%
Iraq
55%
Botswana
53%
Zimbabwe
53%
Namibia
50%
Zambia
50%

Score Distribution

Percentile by Number Answered

Percent of People with Each Score

Your Score History

You have not taken this quiz